1047 1831 1783 1640 1307 1163 1702 1890 1934 1310 1748 1755 1136 1414 1404 1598 1903 1785 1570 1313 1836 1412 1258 1654 1038 1951 1567 1753 1459 1973 1509 1314 1999 1096 1523 1447 1887 1896 1161 1336 1513 1985 1993 1785 1904 1313 1328 1825 1726 1896 1331 1607 1202 1362 1051 1563 1986 1645 1284 1428 1187 1600 1369 1842 1346 1343 1080 1895 1452 1646 1955 1068 1756 1917 1143 1227 1086 1845 1252 1551 1425 1275 1845 1789 1426 1801 1643 1320 1583 1439 1581 1056 1494 1123 1588 1345 1569 1518 1791 BCNSPRNW ULIB Ver.6.0+V

เปลี่ยนเป็นภาษาไทย

Change to English
 แสดงรายละเอียดบรรณานุกรม
  กลับหน้าหลัก

Brief Record : Get Marc (ISO 2709) : E-mail record : QR code < ปิดหน้าต่าง
LEADER : 00000nam 2200000uu 4500
001    13399121623
003     ULIB
008    121127s2550||||th 000 0 tha d
020    ^a9789749508817
060 04 ^aWS350.2^bค459ร
100 0  ^aคิวโทกุ, ชิเงโมริ
245 10 ^aโรคแม่ทำ /^cโดย ชิเงโมริ คิวโทกุ ; แปล/เรียบเรียงโดย สมอาจ วงษ์ขมทอง
250    ^aพิมพ์ครั้งที่ 12
260    ^aกรุงเทพฯ :^bหมอชาวบ้าน,^c2550
300    ^a163 หน้า :^bภาพประกอบ
650  2 ^aFamily Relations
650  2 ^aParent-Child Relations
700 00 ^aสมอาจ วงษ์ขมทอง,^eผู้แปล
945    ^p130^l0^i16185
995    ^aวิภา
999 ^a ใช้งานได้ทุกระบบ
รายการนี้ยังไม่มีแท็ก
คุณยังไม่ได้ล็อกอิน คุณสามารถมีกิจกรรมร่วมกับเว็บไซต์ได้ แต่ต้องล็อกอินก่อน ::
  ล็อกอิน

รายการสื่อสารสนเทศ

ลำดับที่ ประเภท เลขเรียก/บาร์โค้ด สถานที่ สถานะ
- ไม่พบข้อมูล -

รายการใกล้เคียง
    ผู้แต่ง [คิวโทกุ, ชิเงโมริ]

    หัวเรื่อง [Family Relations]
    หัวเรื่อง [Parent-Child Relations]

BibComment


ยังไม่เคยถูกคอมเมนท์

คอมเมนท์ทรัพยากรรายการนี้
  คอมเมนท์: โรคแม่ทำ โดย ชิ..


 Copyright 2026. Bcnsprnw @Library